Ulusların gelişmesi 1996 (Record no. 5594)

MARC details
000 -BAŞLIK
Sabit Uzunlukta Kontrol Alanı 00576na a2200217 4500
001 - KONTROL NUMARASI
Denetim Alanı 19928
003 - KONTROL NUMARASI IDENTIFIER
Denetim Alanı MIRAKIL
005 - SON İŞLEM TARİHİ VE ZAMANI
Denetim Alanı 20181213155041.0
008 - SABİT-BOY VERİ ELEMANLARI - GENEL BİLGİLER
Sabit Uzunlukta Kontrol Alanı 161228b tu 000 0
020 ## - ULUSLARARASI STANDART KİTAP NUMARASI
Uluslararası Standart Kitap Numarası 9280632310
040 ## - KATALOGLAMA KAYNAK
Orijinal Kataloglama Ajansı Milas
Kataloglama Dili tur
Metne Dönüştürmek Ajansı TR-AnCHP
041 ## - DİL KODU
Metin / Ses Parça Veya Ayrı Başlığın Dil Kodu tur
082 ## - DEWEY ONLU SINIFLANDIRMA NUMARASI
Sınıflandırma Numarası 362
Ürün Numarası U48 1996
090 ## - SINIFLAMA NUMARASI
Sınıflama Numarası 362 U48 1996
245 ## - BAŞLIK TABLOSU
Başlık Ulusların gelişmesi 1996
Sorumluluk Tablosu, Vb UNICEF
260 ## - YAYIN, DAĞITIM, VB
Yayın, Dağıtım, Vb Yeri New York
Yayıncı, Dağıtıcı, Vs Adı UNICEF
Yayın, Dağıtım, Vb Tarihi 1996
300 ## - FİZİKSEL TANIM
Kapsam 54 s.
Diğer Fiziksel Ayrıntıları res.; tbl.; grf.
Boyutlar 30 sm.
650 ## - KONU KATMA GİRİŞ - TOPİKAL DÖNEM
Topikal Süreli Veya Coğrafi Ad Giriş Elemanı Toplumsal refah
Genel Alt Bölümü Uluslar
710 ## - KATMA GİRİŞ - KURUMSAL ADI
Giriş Elemanı Olarak Kurumsal Ad Veya Yargı Alanı Adı United Nations Children's Fund (UNICEF)
942 ## - EKLENDİ GİRİŞ ELEMANLARI (KOHA)
Sınıflandırma Veya Raf Düzeni Kaynak
Koha Öğesi Türü Books
999 ## - SİSTEM KONTROL NUMARALARI (KOHA)
Koha Biblionumber 5594
Koha Biblioitemnumber 5594
Holdings
Kalıcı Konum Mevcut Konum Edinme Tarihi Edinim Kaynak Toplam Check-Out'Lar Tam Çağrı Numarası Barkod Tarih Son Görülme İtibaren Geçerli Fiyatlar Koha Öğesi Türü
CHP Kütüphanesi CHP Kütüphanesi 12/28/2016 Bağış   362 U48 1996 010366 12/28/2016 12/28/2016 Books